000 02049nam a2200301 a 4500
001 BRCA_4931
005 20190320204850.0
008 211010s1812----mx-#######---#000-0#spa-#
041 _aspa
044 _amx
084 _aDOC34
_b.M67
_c1812
100 1 _aMorelos y Pavón, José María
_d1765-1815
_97961
245 1 0 _aDocumento firmado por José María Morelos y Pavón
_cJosé María Morelos y Pavón, Don José Sixto Verduzco
260 _aMéxico
_c1812
300 _a[4] fojas
_c21 x 15 cm
500 _aDocumento firmado el 4 de septiembre de 1812
500 _aDocumento autógrafa de Don José María Morelos y Pavón dirigida al señor Don José Sixto Verduzco, Vocal de la Junta de Sultepec, fechada en el Cuartel General de Tehuacán el 14 de septiembre de 1812. En ella Morelos da cuenta a Verduzco de haber recibido comunicación del señor presidente de la Suprema Junta, Lic. Don Ignacio López Rayón notificandoles sus nombramientos de Capitán General y Vocal de la misma, así como el plan adoptado de dividir a la insurgencia para despitar al enemigo, conforme al cual, Morelos debia dirigirse al Sur; Verdusco al Poniente; Liceaga al Norte y Rayón al Oriente. En la misma comunicación, le informa cómo en la bajada de Llanos a Veracruz, se registrarón algunos problemas contrarios a la insurgencia que resfrió el entusiasmo de la misma, y mientas algunos se indultaran, otros se dirigian a Sultepec en busca de remedio a sus males
500 _aEl documento tiene la leyenda DOC. #43
500 _aEstado de conservación: Contiene acidificación
506 0 _aFondo reservado: para su consulta es necesario credencial de usuario y carta de motivos
546 _aTexto en: español de principios del siglo XIX
600 1 4 _aMorelos y Pavón, José María
_d1765-1815
_97961
651 4 _aMéxico
_vManuscrito
_xHistoria
_yGuerra de Independencia, 1810-1821
_912432
700 1 _aSixto Verduzco, José
_d1770-1830
_912515
700 1 _aLópez Rayón, Ignacio
_d1773-1832
_912516
902 _aFDH
942 _2lcc
_cD
999 _c4625
_d4625